000 00904nam a22002057a 4500
003 BUBTL
008 220410b ||||| |||| 00| 0 eng d
020 _a9789849156390
082 _a347.3/ H211b/ 2018
100 _94548
_aহক, মুহাম্মদ হামিদুল
245 _aবিচার প্রক্রিয়া:
_bদেওয়ানি ও ফৌজদারি /
_cমুহাম্মদ হামিদুল হক
250 _a2nd Edn.
260 _aঢাকা:
_bইউনিভার্সেল বুক হাউস,
_cc2018
300 _axv, 420 p.:
_c24 cm.
505 _aবিচার প্রক্রিয়া: দেওয়ানি ও ফৌজদারি, মুহাম্মদ হামিদুল হক
650 0 _926
_aLaw
856 _k0
_l0
_yDownload
942 _2ddc
_cBK
999 _c6680
_d6680